Diálogo entre el teólogo y el exégeta (Registro nro. 69744)
[ vista simple ]
| 000 -LÍDER | |
|---|---|
| Campo fijo de descripción fija | 01497nab a2200241 i 4500 |
| 001 - NÚMERO DE CONTROL | |
| Campo de control | 768714001 |
| 003 - IDENTIFICADOR DEL NÚMERO DE CONTROL | |
| Campo de control | CO-MdFUSB |
| 005 - FECHA Y HORA DE LA ULTIMA TRANSACCIÓN | |
| control field | 20240516122713.0 |
| 008 - ELEMENTOS DE LONGITUD FIJA -- INFORMACIÓN GENERAL | |
| Campo fijo de descripción fija -- Información general | 240516t1971 sp ||||| |||| 00| 0 spa d |
| 040 ## - FUENTE DE CATALOGACIÓN | |
| Idioma de catalogación | spa |
| Agencia que realiza la transcripción | CO-MdFUSB |
| Agencia que realiza la modificación | CO-MdFUSB |
| 041 ## - CÓDIGO DE IDIOMA | |
| Código de idioma para texto/pista de sonido o título separado | spa |
| 100 ## - ASIENTO PRINCIPAL--NOMBRE PERSONAL | |
| Nombre personal | Hasenhüttl, Gotthold, |
| Término relacionador | autor |
| 245 ## - TÍTULO | |
| Título | Diálogo entre el teólogo y el exégeta |
| Mención de responsabilidad | / Gotthold Hasenhüttl ; traducido por A. Galán Ipiña |
| 520 ## - NOTA DE RESUMEN, ETC. | |
| Nota de sumario, etc. | La dogmática se basa en la exégesis, ya que a todas luces quiere edificar sobre ella. Pero aunque ningún teólogo, apoyándose en su disciplina, haya querido denunciar errores en la Sagrada Escritura, sin embargo, la teología dogmática ha pretendido frecuentemente ser para la exégesis norma directiva, de modo que, en vez de dialogar con ella, ha exigido autoritariamente una exégesis determinada: lo creído «explícitamente» había que encontrarlo de alguna manera «implícito» en la Escritura. Con ello cayeron la dogmática y la exégesis en una situación tan precaria que se vieron amenazadas de perder todo crédito. |
| 650 #0 - ASIENTO SECUNDARIO DE MATERIA - TERMINO TEMÁTICO | |
| Término temático o nombre geográfico como elemento de entrada | Biblia |
| 9 (RLIN) | 16 |
| 650 #7 - ASIENTO SECUNDARIO DE MATERIA - TERMINO TEMÁTICO | |
| Término temático o nombre geográfico como elemento de entrada | Hermenéutica bíblica |
| 9 (RLIN) | 7333 |
| 650 #7 - ASIENTO SECUNDARIO DE MATERIA - TERMINO TEMÁTICO | |
| Término temático o nombre geográfico como elemento de entrada | Apologética |
| 9 (RLIN) | 187 |
| 653 ## - TÉRMINO DE INDIZACIÓN - NO CONTROLADO | |
| Término no controlado | Mensaje cristiano |
| 700 ## - ENTR. SECUNDARIA - Nombre Personal (R) | |
| Nombre de persona | Galán Ipiña, A., |
| Término indicativo de función | traductor |
| 773 0# - ASIENTO DE ITEM FUENTE | |
| Biblionumber | 49450 |
| Itemnumber | 82637 |
| Otro identificador del ítem | R2560 |
| Título | Revista internacional de teología Concilium |
| Número de control del registro | (CO-MdFUSB)8 |
| Número Internacional Normalizado para Publicaciones Seriadas (ISSN) | 0210-1041 |
| Parte(s) relacionada(s) / Volumen., número. (mes año), páginas | Número 70, (diciembre, 1971), páginas: 477 - 484 |
| Enumeración y primera página | página: 477 |
| 942 ## - TIPO DE MATERIAL (KOHA) | |
| Tipo de Item KOHA | Artículos de Revista |
| 945 ## - INFORMACIÓN LOCAL DEL REGISTRO | |
| Catalogador | Catherine Arias Alvarez - Practicante SENA |
No hay ítems disponibles.
